Orosz hercegnő volt e Károly Róbert felesége?

Elmentve itt :
Bibliográfiai részletek
Szerző: Kristó Gyula
Dokumentumtípus: Cikk
Megjelent: 1994
Sorozat:Aetas 9 No. 1
Kulcsszavak:Károly Róbert, Magyarország története - 13-14. sz.
Online Access:http://acta.bibl.u-szeged.hu/40620
LEADER 00628nab a2200181 i 4500
001 acta40620
005 20260224081030.0
008 170711s1994 hu o 000 hun d
022 |a 0237-7934 
040 |a SZTE Egyetemi Kiadványok Repozitórium  |b hun 
041 |a hun 
100 1 |a Kristó Gyula 
245 1 0 |a Orosz hercegnő volt e Károly Róbert felesége?  |h [elektronikus dokumentum] /  |c  Kristó Gyula 
260 |c 1994 
300 |a 194-199 
490 0 |a Aetas  |v 9 No. 1 
695 |a Károly Róbert, Magyarország története - 13-14. sz. 
856 4 0 |u http://acta.bibl.u-szeged.hu/40620/1/aetas_1994_001_194-199.pdf  |z Dokumentum-elérés